000 00495nam a2200205Ia 4500
005 20250425161752.0
008 250425s9999 xx 000 0 und d
020 _a9681827031
041 _aspa
082 _a657.48
100 _aPERRY, WILLIAM E.
245 0 _aSISTEMAS DE COMPUTACION MANUAL PARA CONTADORES
250 _a1A ED.
260 _aMEXICO
260 _aMéxico
_bLIMUSA
_c1988
300 _a342
650 _aCONTABILIDAD-AUTOMATIZACION
942 _c01
010 _a28285
999 _c215738
_d215738